ბათუმის შოთა რუსთაველის სახელმწიფო უნივერსიტეტის ბიბლიოთეკა

The Brethren (ბიბ.ჩანაწერი № 45909)

000 -LEADER
fixed length control field 00432nam a2200205Ia 4500
001 - CONTROL NUMBER
control field 12738
003 - CONTROL NUMBER IDENTIFIER
control field GE_BSU
008 - FIXED-LENGTH DATA ELEMENTS--GENERAL INFORMATION
fixed length control field 181216s||||||||xx |||||||||||||| ||und||
020 ## - INTERNATIONAL STANDARD BOOK NUMBER
International Standard Book Number 0440236673
040 ## - CATALOGING SOURCE
Transcribing agency GE_BSU
080 ## - UNIVERSAL DECIMAL CLASSIFICATION NUMBER
Universal Decimal Classification number 821.111-32.1
100 ## - MAIN ENTRY--PERSONAL NAME
Personal name Grisham,John
245 #4 - TITLE STATEMENT
Title The Brethren
260 ## - PUBLICATION, DISTRIBUTION, ETC.
Place of publication, distribution, etc. New York
260 ## - PUBLICATION, DISTRIBUTION, ETC.
Name of publisher, distributor, etc. Island books
260 ## - PUBLICATION, DISTRIBUTION, ETC.
Date of publication, distribution, etc. 2001
300 ## - PHYSICAL DESCRIPTION
Extent 460p.18cm.
653 ## - INDEX TERM--UNCONTROLLED
Uncontrolled term The Brethren
942 ## - ADDED ENTRY ELEMENTS (KOHA)
Koha item type წიგნი
ეგზემპლარები
Withdrawn status Lost status Damaged status Not for loan Date acquired Barcode Date last seen Price effective from Koha item type
        2018-12-17 35787 2018-12-17 2018-12-17 წიგნი